Statistics for AFI's 10 Top 10: Epic

Click here to take the quiz!

General Stats

  • This quiz has been taken 31 times
  • The average score is 6 of 10

Answer Stats

RankFilmYear% Correct
2Ben-Hur1959
85%
1Lawrence of Arabia1962
81%
4Gone with the Wind1939
74%
6Titanic1997
74%
10The Ten Commandments1956
59%
5Spartacus1960
52%
3Schindler's List1993
48%
8Saving Private Ryan1998
44%
9Reds1981
41%
7All Quiet on the Western Front1930
33%

Score Distribution

Percentile by Number Answered

Percent of People with Each Score

Your Score History

You have not taken this quiz